Cargando…

Pink 2.0 : Encoding Queer Cinema on the Internet /

In an era where digital media converges with new technologies that allow for cropping, remixing, extracting, and pirating, a second life for traditional media appears via the internet and emerging platforms. Pink 2.0 examines the mechanisms through which the internet and associated technologies both...

Descripción completa

Detalles Bibliográficos
Autor principal: Tsika, Noah, 1983- (Autor)
Formato: Electrónico eBook
Idioma:Inglés
Publicado: Bloomington : Indiana University Press, [2016]
Colección:Book collections on Project MUSE.
Temas:
Acceso en línea:Texto completo

MARC

LEADER 00000cam a22000004a 4500
001 musev2_49077
003 MdBmJHUP
005 20230905045111.0
006 m o d
007 cr||||||||nn|n
008 160727s2016 idu o 00 0 eng d
010 |z  2016034865 
020 |a 9780253023230 
020 |z 9780253022752 
020 |z 9780253023063 
035 |a (OCoLC)954204003 
040 |a MdBmJHUP  |c MdBmJHUP 
100 1 |a Tsika, Noah,  |d 1983-  |e author. 
245 1 0 |a Pink 2.0 :   |b Encoding Queer Cinema on the Internet /   |c Noah A. Tsika. 
264 1 |a Bloomington :  |b Indiana University Press,  |c [2016] 
264 3 |a Baltimore, Md. :  |b Project MUSE,   |c 2016 
264 4 |c ©[2016] 
300 |a 1 online resource (288 pages). 
336 |a text  |b txt  |2 rdacontent 
337 |a computer  |b c  |2 rdamedia 
338 |a online resource  |b cr  |2 rdacarrier 
505 0 |a A note on scope and terminology -- Introduction: questioning the "queer internet" -- Digitizing gay fandom: corporate encounters with queer cinema on the internet -- Epistemology of the blogosphere: queer cinema on gay porn sites -- Franco, Ginsberg, Kerouac & Co.: constructing a Beat topos with digital networked technologies -- Liberating gayness: selling the sexual candor of I love you Phillip Morris -- "Nollywood goes homo": gay identifications on the Nigerian internet -- Conclusion: Antiviral. 
520 |a In an era where digital media converges with new technologies that allow for cropping, remixing, extracting, and pirating, a second life for traditional media appears via the internet and emerging platforms. Pink 2.0 examines the mechanisms through which the internet and associated technologies both produce and limit the intelligibility of contemporary queer cinema. Challenging conventional conceptions of the internet as an exceptionally queer medium, Noah A. Tsika explores the constraints that publishers, advertisers, and content farms place on queer cinema as a category of production, distribution, and reception. He shows how the commercial internet is increasingly characterized by the algorithmic reduction of diverse queer films to the dimensions of a highly valued white, middle-class gay masculinity'a phenomenon that he terms "Pink 2.0." Excavating a rich set of online materials through the practice of media archaeology, he demonstrates how the internet's early and intense associations with gay male consumers (and vice versa) have not only survived the medium's dramatic global expansion but have also shaped a series of strategies for producing and consuming queer cinema. Identifying alternatives to such corporate and technological constraints, Tsika uncovers the vibrant lives of queer cinema in the complex, contentious, and libidinous pockets of the internet where resistant forms of queer fandom thrive. 
588 |a Description based on print version record. 
650 7 |a Mass media  |x Technological innovations.  |2 fast  |0 (OCoLC)fst01011322 
650 7 |a Homosexuality in motion pictures.  |2 fast  |0 (OCoLC)fst00959829 
650 7 |a Gays in motion pictures.  |2 fast  |0 (OCoLC)fst00939310 
650 7 |a SOCIAL SCIENCE  |x Gay Studies.  |2 bisacsh 
650 7 |a PERFORMING ARTS  |x Reference.  |2 bisacsh 
650 6 |a Medias  |x Innovations. 
650 6 |a Homosexuels au cinema. 
650 6 |a Homosexualite au cinema. 
650 0 |a Mass media  |x Technological innovations. 
650 0 |a Gays in motion pictures. 
650 0 |a Homosexuality in motion pictures. 
655 7 |a Electronic books.   |2 local 
710 2 |a Project Muse.  |e distributor 
830 0 |a Book collections on Project MUSE. 
856 4 0 |z Texto completo  |u https://projectmuse.uam.elogim.com/book/49077/ 
945 |a Project MUSE - Custom Collection 
945 |a Project MUSE - 2016 Complete 
945 |a Project MUSE - 2016 Global Cultural Studies